• Riva M.

di Personal Name

Records bibliografici associati: 1

001 - CONTROL NUMBER

  • control field: 58219

003 - CONTROL NUMBER IDENTIFIER

  • control field:

005 - DATE AND TIME OF LATEST TRANSACTION

  • control field: 20200630152505.0

008 - FIXED-LENGTH DATA ELEMENTS

  • fixed length control field: 200630|| aca||aabn | a|a d

040 ## - CATALOGING SOURCE

  • Original cataloging agency:
  • Transcribing agency:

100 ## - HEADING--PERSONAL NAME

  • Personal name: Riva M.
  • Personal name: Prestani P.
  • Personal name: Griffini M.
  • Personal name: Pregliasco F.
  • Personal name: Vanoni A.
  • Personal name: Spena A.
  • Personal name: Santona A.
  • Personal name: Santerini M.
  • Personal name: Chistolini M.
  • Personal name: Fazzini G.
  • Personal name: De Luca M.N.
  • Personal name: Albano F.
  • Personal name: Laera L

670 ## - SOURCE DATA FOUND

  • Source citation: Work cat.: (): De Carli Sara (et al.) 57785, Adozioni, facciamole ripartire
CREDITS: SOCIETA' SAN PAOLO Via A.Severo, 58 - ROMA (RM) & PERIODICI SAN PAOLO SRL Via Giotto, 36 MILANO & CISF Via Giotto, 36 MILANO & EDIZIONI SAN PAOLO SRL,  Piazza Soncino, 5 CINISELLO BALSAMO (MI) -- ITALY